| 000 | 00397 a2200133 4500 | ||
|---|---|---|---|
| 005 | 20250524095719.0 | ||
| 020 | _a521 06750 2 | ||
| 082 | _aLECT 519.5071 WEA | ||
| 100 | _aWEATHERBURN, C. E. | ||
| 245 | _aA First Course in Mathematical Statistics | ||
| 260 |
_aLondon, _bCambridge University Press, _c1968. |
||
| 300 |
_axv, 277p.: ill.; figure, table. _bIndex & Reference. _c21cm. |
||
| 942 |
_2ddc _cBKS |
||
| 999 |
_c2615 _d2615 |
||